Seguro de desempleo
Zapisane w:
| Główni autorzy: | , |
|---|---|
| Format: | Książka |
| Język: | hiszpański |
| Wydane: |
San Miguel de Tucumán
Tucumán
1994
|
| Seria: | Investigación, 8
|
| Hasła przedmiotowe: | |
| Etykiety: |
Dodaj etykietę
Nie ma etykietki, Dołącz pierwszą etykiete!
|
MARC
| LEADER | 00000nam a2200000 a 4500 | ||
|---|---|---|---|
| 001 | UCQ2996 | ||
| 003 | CL-VaPUC | ||
| 008 | 980817e19940000AG |||||||||||||||||spa|d | ||
| 082 | 0 | 4 | |a 344.01 |b HOP |2 21 |
| 100 | 0 | |a Hopenhayn, Hugo |e author |9 417042 | |
| 700 | 0 | |a Nicolini, Juan Pablo |e author |9 417043 | |
| 245 | 1 | 0 | |a Seguro de desempleo |
| 300 | |a 11 p | ||
| 942 | |c BK | ||
| 945 | |d 19980817 00:00:00 |a aarredon | ||
| 260 | |a San Miguel de Tucumán |b Tucumán |c 1994 | ||
| 650 | 7 | |a SEGURO DE DESEMPLEO |2 CL-VaPUC |9 417044 | |
| 650 | 0 | |a Desempleo |9 257579 | |
| 650 | 0 | |a Legislación laboral |9 320826 | |
| 650 | 0 | |a Empleo |9 339124 | |
| 650 | 7 | |a DERECHO LABORAL |2 CL-VaPUC |9 15 | |
| 650 | 0 | |a Seguridad social |9 255322 | |
| 583 | |a last modification |c 19980817 00:00:00 |k Rodrigo Vera | ||
| 490 | 0 | |a Investigación, 8 | |
| 999 | |c 273680 |d 273678 | ||
| 952 | |0 0 |1 0 |2 ddc |4 0 |6 344_010000000000000_HOP_1994 |7 0 |8 A |9 309479 |a BIBDER |b BIBDER |d 2019-11-20 |i 3450503 |o 344.01 HOP 1994 |p 3450503 |r 2023-01-25 |w 2019-11-20 |y MX |k DER | ||